LIBRARY & INFORMATION CENTRE, KCAET, TAVANUR

ONLINE PUBLIC ACCESS CATALOGUE (OPAC)

Sumithranandan Pant:Kala ,kavya aur darshan / (Record no. 12730)

MARC details
000 -LEADER
fixed length control field 00488cam a2200193ua 4500
041 ## - LANGUAGE CODE
Language code of text/sound track or separate title hin
082 ## - DEWEY DECIMAL CLASSIFICATION NUMBER
Classification number 891.43
Item number GOP/SU
100 ## - MAIN ENTRY--AUTHOR NAME
Personal name Gopaldas, Neeraj .
245 ## - TITLE STATEMENT
Title Sumithranandan Pant:Kala ,kavya aur darshan /
250 ## - EDITION STATEMENT
Edition statement 1 /
260 ## - PUBLICATION, DISTRIBUTION, ETC. (IMPRINT)
Place of publication Delhi :
Name of publisher Atmaram and sons ,
Year of publication 1963.
300 ## - PHYSICAL DESCRIPTION
Number of Pages 196 ; .
700 1# - ADDED ENTRY--PERSONAL NAME
Personal name Sudha, Saxena .
942 ## - ADDED ENTRY ELEMENTS (KOHA)
Koha item type Books
Holdings
Withdrawn status Lost status Damaged status Home library Current library Date acquired Full call number Accession Number Koha item type
Withdrawn     KAUAET Sanskrit University 07/04/2012 891.43 9723 Books
free website counter